000 00742nam a2200229 i 4500
001 bg
100 1 _aBoduch, Adam.
245 1 0 _aDelphi 8.NET :
_bkompendium programisty /
_cAdam Boduch.
260 _aGliwice :
_b"Helion",
_ccop. 2004.
300 _a838, [2] s. :
_bfot. ;
_c24 cm +
_eCD-ROM.
500 _aU góry okł. podtyt.: przewodnik po najnowszej wersji popularnego środowiska programistycznego.
650 9 _aDelphi.net
655 _aPodręczniki
020 _a8373614850
040 _cBPK
041 1 _apol
_heng
080 _a004.438A/Z:004.42](07)
920 _a83-7361-485-0
942 _cKS
008 s pl f |000 0 pol
999 _c45515
_d45515
856 _uhttp://koha.tu.koszalin.pl/cgi-bin/koha/opac-detail.pl?biblionumber=45515
_yKatalog online BPK